000 00490nam a2200205Ia 4500
005 20251020182540.0
008 200515s9999 xx 000 0 und d
082 _a728.26/P45
110 _aMinisterio de Vivienda y Construcción
245 0 _aVivienda económica mínima
260 _aLima
260 _c1974
300 _a86 p.
500 _a1 ejemplar
650 _aPROYECTO PREVI
650 _aVIVIENDAS
650 _aVIVIENDAS DE BAJO COSTO
942 _cLIB
999 _c2360
_d2360